000 00442nam a22001577a 4500
008 250522b |||||||| |||| 00| 0 eng d
020 _a9781844809868
050 _aHF5657.4.D77
_b.D77
100 _aDrurry, Colin
245 _aManagement and cost accounting
250 _a7th
260 _aN,P
_bCengage learing
_c2008
300 _axii,775
_bill.
650 _aManagement accounting-data processing
_vcost accounting processing
942 _cBK
999 _c3624
_d3624